000 00360 a2200157 4500
001 59635
020 _a9783785555347
040 _cAnchieta - Pituba
100 _aAbedi, Isabel
240 1 0 _aLola in geheimer mission
_lpor
245 1 0 _aLola in geheimer mission
300 _a204
362 0 _a2008
650 4 _aLiteratura juvenil em alemão
942 _cBK
999 _c59635
_d59635